[Event "AUTO-OPEN-2345"]
[Site "http://www.queenalice.com/game.php?id=931264"]
[Date "2011.4.28"]
[Round "1"]
[White "Cristina2010"]
[Black "sia"]
[Result "0-1"]
[WhiteElo "1468"]
[BlackElo "2043"]

1. e4 e5 2. Nf3 d6 3. Bb5+ Bd7 4. Qe2 Nf6 5. Bxd7+ Nbxd7 6. d3 Nc5 7. Bg5 Be7 8.
Nc3 O-O 9. Bxf6 Bxf6 10. Nd5 c6 11. Nxf6+ Qxf6 12. O-O Rfe8 13. c3 d5 14. exd5
cxd5 15. Qd2 e4 16. dxe4 dxe4 17. Nd4 Rad8 18. Qe3 Nd3 19. Rab1 Qa6 20. a3 Rd6
21. Qg3 g6 22. Qe3 f5 23. Rfd1 Rb6 24. Rxd3 Qxd3 25. Qxd3 exd3 26. Nf3 Re2 27.
b3 Rc2 28. c4 Rxc4 29. Nd2 Rc2 30. Rd1 Kf7 31. a4 Ke6 32. f4 Kd5 0-1

[Event "AUTO-OPEN-2345"]
[Site "http://www.queenalice.com/game.php?id=931293"]
[Date "2011.4.28"]
[Round "1"]
[White "Cristina2010"]
[Black "juim"]
[Result "1-0"]
[WhiteElo "1524"]
[BlackElo "1614"]

1. e4 d5 2. exd5 Qxd5 3. Nc3 Qd8 4. Nf3 e6 5. Be2 Bb4 6. a3 Bxc3 7. dxc3 Qd7 8.
Qxd7+ Bxd7 9. Bd2 Nf6 10. Bg5 Nh5 11. O-O-O O-O 12. Ne5 f6 13. Nxd7 Nxd7 14. Be3
g6 15. Bxh5 gxh5 16. Rxd7 Rac8 17. Bxa7 b6 18. Re1 e5 19. f4 Rfe8 20. fxe5 fxe5
21. Re4 Re6 22. b4 Rc6 23. Rxe5 Rxc3 24. Kb2 Rc6 25. Rxh5 Rf8 26. Rhxh7 Rg6 27.
Rxc7 Rxg2 28. Bxb6 Rg4 29. Bc5 Rf5 30. h3 Rg6 31. h4 Rg4 32. h5 Rfg5 33. h6 Rg6
34. Rhg7+ Rxg7 35. hxg7 Kh7 36. Bf8 Kg8 37. Kb3 Rg3+ 38. c3 Kh7 39. a4 Rg1 40.
a5 Rb1+ 41. Kc2 Rg1 42. a6 Ra1 43. b5 Ra5 44. c4 Ra3 45. Bxa3 Kg8 46. Bb2 Kh7
47. a7 Kg6 48. g8=Q+ Kf5 49. Rf7+ Ke4 50. Qe8# 1-0

[Event "AUTO-OPEN-2345"]
[Site "http://www.queenalice.com/game.php?id=931294"]
[Date "2011.4.28"]
[Round "1"]
[White "juim"]
[Black "Cristina2010"]
[Result "0-1"]
[WhiteElo "1700"]
[BlackElo "1575"]

1. a4 e5 2. c4 f6 3. e4 Nc6 4. b3 Bb4 5. Nc3 Bxc3 6. dxc3 d6 7. b4 Nge7 8. Nf3
Bg4 9. Be2 Ng6 10. h3 Bxf3 11. Bxf3 Nh4 12. Bg4 Nxg2+ 13. Kf1 Nh4 14. Be6 Qe7
15. Bd5 Nd8 16. a5 c6 17. Rg1 cxd5 18. cxd5 O-O 19. Qg4 Ng6 20. h4 Rf7 21. h5
Nf4 22. Bxf4 exf4 23. Qxf4 Qe5 24. Qe3 f5 25. Re1 f4 26. Qd3 Qxh5 27. f3 Qh3+
28. Ke2 Rf6 29. Kd1 Nf7 30. Rh1 Qd7 31. e5 Nxe5 32. Qxh7+ Kf7 33. Qc2 Nxf3 34.
Ref1 Qg4 35. Kc1 Rc8 36. Rd1 Ra8 37. Qa4 Rh6 38. Rxh6 gxh6 39. Qb5 Qc8 40. Qd3
Qg4 41. Qh7+ Qg7 42. Qf5+ Qf6 43. Qh5+ Kg7 44. Qxf3 Kh7 45. Rd4 Rf8 46. Kc2 Qf5+
47. Kb3 h5 48. Rd1 Qg4 49. Qe4+ Kh6 50. Qd4 a6 51. Rg1 Qd7 52. Qe4 Qf5 53. Qd4
Qe5 54. Qc4 Rf5 55. Kc2 Qxd5 56. Qf1 f3 57. Rh1 Qe4+ 58. Kb2 Qe2+ 59. Qxe2 fxe2
60. Kc2 Rf1 61. Kd2 e1=Q+ 62. Kd3 Rf3+ 63. Kd4 Qxc3+ 64. Kd5 Qc6+ 65. Ke6 d5+
66. Ke7 Qf6+ 67. Kd7 Qc6+ 68. Ke7 Re3+ 69. Kf7 Qe6+ 70. Kf8 Rf3# 0-1

[Event "AUTO-INT-2018"]
[Site "http://www.queenalice.com/game.php?id=931339"]
[Date "2011.4.28"]
[Round "1"]
[White "Cristina2010"]
[Black "juim"]
[Result "1-0"]
[WhiteElo "1503"]
[BlackElo "1632"]

1. e4 e5 2. Nf3 d6 3. d3 Bg4 4. Be2 d5 5. Nxe5 Bxe2 6. Qxe2 c6 7. exd5 Ne7 8.
dxc6 bxc6 9. Bf4 g6 10. Nd2 Bg7 11. Ndc4 O-O 12. O-O Nd5 13. Bg3 Re8 14. Qf3
Bxe5 15. Nxe5 f5 16. a3 Na6 17. Nxc6 Qd7 18. Ne5 Qb5 19. Nc4 Rad8 20. Nd6 Qc5
21. Nxe8 Rxe8 22. c3 Ne3 23. fxe3 Qb6 24. Qd5+ Kg7 25. Qd7+ Kh6 26. Qxe8 Nc5 27.
d4 Ne4 28. Bf4+ Kh5 29. Qe7 h6 30. Qb4 Qa6 31. Rad1 Qe2 32. Rde1 Qg4 33. h3 Qh4
34. Re2 Ng3 35. Bxg3 Qxg3 36. Rf3 Qc7 37. d5 a5 38. Qf4 Qxf4 39. exf4 g5 40.
fxg5 hxg5 41. Rxf5 Kg6 42. Rxg5+ Kxg5 43. d6 1-0

[Event "AUTO-INT-2018"]
[Site "http://www.queenalice.com/game.php?id=931340"]
[Date "2011.4.28"]
[Round "1"]
[White "juim"]
[Black "Cristina2010"]
[Result "0-1"]
[WhiteElo "1698"]
[BlackElo "1553"]

1. a4 e5 2. d4 exd4 3. Qxd4 Nc6 4. Qd1 Qe7 5. e3 b6 6. Bb5 Bb7 7. Nf3 O-O-O 8.
O-O f6 9. b3 a5 10. c3 Na7 11. Bc4 d5 12. Be2 g5 13. Nbd2 Bg7 14. Bb2 Nh6 15. c4
dxc4 16. Bxc4 Bxf3 17. Qxf3 Rxd2 18. Qh3+ Kb8 19. Ba3 Qe5 20. Ba6 g4 21. Qg3
Qxg3 22. fxg3 f5 23. h3 Bxa1 24. Rxa1 gxh3 25. gxh3 Nc6 26. Bb5 Ne5 27. Be7 Nf3+
28. Kf1 Ne5 29. Bf6 Rg8 30. Bxe5 Rgd8 31. Ke1 Nf7 32. Bf4 Rb2 33. Rc1 Nd6 34.
Bd3 Rxb3 35. Bc2 Rc3 36. Bg5 Rg8 37. h4 Nc4 38. Ke2 Na3 39. Kd2 Rxc2+ 40. Rxc2
Nxc2 41. Kxc2 Re8 42. Kd3 Re4 43. Bf6 Rxa4 44. Bc3 Rg4 45. Be5 Kb7 46. Bf4 a4
47. h5 b5 48. Kc3 c5 49. h6 Rg6 50. Kc2 Kc6 51. Kd3 Kd5 52. Ke2 b4 53. Kd3 c4+
54. Ke2 Ke4 55. Bc7 Rxh6 56. Ba5 Rh2+ 57. Kf1 b3 58. Bc7 Kxe3 59. g4 fxg4 60.
Bxh2 b2 61. Bf4+ Kxf4 62. Kg2 c3 63. Kf2 c2 64. Ke2 b1=Q 65. Kd3 c1=Q+ 66. Ke2
Qbc2# 0-1

[Event "AUTO-INT-2018"]
[Site "http://www.queenalice.com/game.php?id=931343"]
[Date "2011.4.28"]
[Round "1"]
[White "Cristina2010"]
[Black "Nunes"]
[Result "0-1"]
[WhiteElo "1466"]
[BlackElo "1917"]

1. e4 c5 2. Nf3 d6 3. Be2 Nc6 4. Bb5 Nf6 5. Bxc6+ bxc6 6. d3 g6 7. e5 Nd5 8. c4
Nb6 9. Bd2 Bg7 10. Bf4 Bg4 11. h3 Bxf3 12. Qxf3 d5 13. cxd5 cxd5 14. Nc3 O-O 15.
O-O e6 16. b3 Nd7 17. Rfe1 Qc7 18. Nb5 Qb8 19. Nd6 Nxe5 20. Bxe5 Bxe5 21. Rac1
Bxd6 22. Qe3 Bf4 23. Qe2 Bxc1 24. Rxc1 Qb4 25. Qb2 Rfc8 26. a3 Qb5 27. a4 Qxd3
28. Rc3 Qd1+ 29. Kh2 c4 30. bxc4 dxc4 31. Qa2 Qd4 32. Qc2 Rab8 33. g3 Rb1 34.
Qxb1 Qxc3 0-1

[Event "AUTO-INT-2018"]
[Site "http://www.queenalice.com/game.php?id=931344"]
[Date "2011.4.28"]
[Round "1"]
[White "Nunes"]
[Black "Cristina2010"]
[Result "1-0"]
[WhiteElo "1844"]
[BlackElo "1456"]

1. e4 e5 2. Nf3 d6 3. d4 exd4 4. Nxd4 Nf6 5. Nc3 Bd7 6. Bc4 Be7 7. O-O O-O 8.
Re1 c6 9. a4 a6 10. a5 c5 11. Nf5 Bxf5 12. exf5 Nc6 13. Bg5 Ne5 14. Be2 Nfd7 15.
Bxe7 Qxe7 16. Bxa6 bxa6 17. f4 Qf6 18. fxe5 Nxe5 19. Nd5 Qd8 20. f6 g6 21. Qd2
Nd7 22. Re7 Nxf6 23. Nxf6+ Kg7 24. Nd5 Rb8 25. Qc3+ Kg8 26. Nf6+ Kg7 27. Ng4+
1-0

[Event "Challenge"]
[Site "http://www.queenalice.com/game.php?id=935025"]
[Date "2011.5.7"]
[Round "-"]
[White "Cristina2010"]
[Black "Aguinaldo"]
[Result "1/2-1/2"]
[WhiteElo "1454"]
[BlackElo "1829"]

1. e4 e5 2. Nf3 d6 3. d3 Bg4 4. Be2 Nc6 5. h3 Bxf3 6. Bxf3 Nd4 7. c3 Nxf3+ 8.
Qxf3 Qf6 9. Qxf6 Nxf6 10. Bg5 Be7 11. Bxf6 Bxf6 12. O-O O-O 13. Nd2 b5 14. Nb3
c5 15. Na5 a6 16. Rad1 Rfc8 17. c4 Ra7 18. a3 Rcc7 19. Nb3 bxc4 20. dxc4 Rab7
21. Rxd6 Be7 22. Rxa6 Rxb3 23. Ra8+ Bf8 24. Re8 Rxb2 25. a4 Rcb7 26. Rxe5 R2b4
27. Rxc5 Rxa4 28. Rd1 Ra8 29. Rc6 Rb4 30. Kh2 Rb2 31. f3 Bd6+ 32. Rdxd6 g6 33.
Rxg6+ Kf8 34. Rh6 Kg7 35. Rh4 Re8 36. Rg4+ Kf8 37. Rh6 Rd8 38. Rxh7 Rdd2 1/2-1/2

[Event "AUTO-INT-2072"]
[Site "http://www.queenalice.com/game.php?id=955386"]
[Date "2011.6.30"]
[Round "1"]
[White "Cristina2010"]
[Black "mike52"]
[Result "1-0"]
[WhiteElo "1536"]
[BlackElo "1467"]

1. e4 e5 2. Nf3 d6 3. Be2 a6 4. d4 f6 5. dxe5 dxe5 6. O-O Qxd1 7. Rxd1 Nd7 8. c3
Nc5 9. Be3 b6 10. Bxc5 Bxc5 11. b4 Bd6 12. a3 b5 13. c4 bxc4 14. Bxc4 Ne7 15.
Nc3 Bb7 16. b5 a5 17. Nd5 Bxd5 18. Bxd5 Nxd5 19. Rxd5 a4 20. b6 O-O 21. bxc7
Bxc7 22. Rd7 Ba5 23. Nh4 Bc3 24. Rc1 Bb2 25. Rcc7 Rfd8 26. Rxg7+ Kh8 27. Rxh7+
Kg8 28. Rcg7+ Kf8 29. Ng6+ Ke8 30. Rh8# 1-0

[Event "AUTO-INT-2072"]
[Site "http://www.queenalice.com/game.php?id=955387"]
[Date "2011.6.30"]
[Round "1"]
[White "mike52"]
[Black "Cristina2010"]
[Result "0-1"]
[WhiteElo "1473"]
[BlackElo "1540"]

1. e4 e5 2. Nf3 d6 3. h3 Nf6 4. d3 Be7 5. a3 Bd7 6. g4 Nc6 7. c3 d5 8. d4 dxe4
9. Nfd2 exd4 10. c4 Na5 11. g5 e3 12. fxe3 dxe3 13. Nf3 Nh5 14. h4 Ng3 15. Rh2
Nxf1 16. Kxf1 Bh3+ 17. Rxh3 Qxd1+ 18. Ne1 Qxc1 19. Rh2 Qxc4+ 20. Kg1 Qg4+ 21.
Rg2 Qxh4 22. Nf3 Qh3 23. Nd4 Bc5 24. Ne2 O-O-O 25. Nbc3 Nb3 26. Nf4 e2+ 27. Rf2
Qg3+ 28. Ng2 Qxf2+ 29. Kh2 Nxa1 30. Nxe2 Qxe2 31. Kg3 Rd3+ 32. Kh2 Bd6+ 0-1

[Event "AUTO-INT-2072"]
[Site "http://www.queenalice.com/game.php?id=955388"]
[Date "2011.6.30"]
[Round "1"]
[White "Cristina2010"]
[Black "johndavidtelker"]
[Result "0-1"]
[WhiteElo "1559"]
[BlackElo "1810"]

1. e4 c6 2. d4 d5 3. e5 Bf5 4. Bd3 Bg6 5. Bxg6 hxg6 6. Nf3 e6 7. O-O Ne7 8. Bg5
Qc7 9. Nc3 Nd7 10. Qd3 a6 11. b4 b5 12. a4 Rb8 13. a5 Nf5 14. Ne2 Bxb4 15. Ra2
Be7 16. Bxe7 Kxe7 17. Nf4 c5 18. dxc5 Nxc5 19. Qc3 Rhc8 20. Nd4 Nxd4 21. Qxd4
Na4 22. Ne2 Qxa5 23. Rc1 Qc7 24. Qh4+ Kd7 25. Qf4 Rf8 26. Ra3 a5 27. c3 Nb2 28.
Qd4 Nc4 29. Rb3 Qxe5 30. Qa7+ Qc7 31. Nd4 Qxa7 0-1

[Event "AUTO-INT-2072"]
[Site "http://www.queenalice.com/game.php?id=955389"]
[Date "2011.6.30"]
[Round "1"]
[White "johndavidtelker"]
[Black "Cristina2010"]
[Result "1-0"]
[WhiteElo "1720"]
[BlackElo "1549"]

1. d4 e6 2. c4 Bb4+ 3. Nc3 Bxc3+ 4. bxc3 Nf6 5. Nf3 O-O 6. c5 d6 7. cxd6 cxd6 8.
e3 Nc6 9. Bd3 Nd5 10. Qc2 Bd7 11. a4 Qa5 12. Bb2 Qb6 13. Bxh7+ Kh8 14. Be4 Nf6
15. Bd3 a6 16. O-O d5 17. Rfb1 Qc7 18. Ba3 Rg8 19. Ng5 Be8 20. c4 dxc4 21. Qxc4
Qd7 22. Rb6 Nd5 23. Rb2 e5 24. dxe5 Nxe5 25. Qe4 Ng6 26. h4 Nc3 27. Qxb7 Qxb7
28. Rxb7 f6 29. Nf7+ Bxf7 30. Rxf7 Ne5 31. Rc7 Nxd3 32. Rxc3 Ne5 33. Bc5 Rgc8
34. Rac1 Nd7 35. Bd4 Rxc3 36. Rxc3 Nf8 37. a5 Ne6 38. Bb6 Re8 39. g3 g5 40. hxg5
Nxg5 41. Rc7 Ra8 42. Kg2 Kg8 43. f4 Ne4 44. Kf3 Nd2+ 45. Kg4 Ne4 46. Kf5 Nxg3+
47. Kxf6 Nh5+ 48. Kg6 Ng3 49. f5 Ne4 50. f6 Nd6 51. Rg7+ Kf8 52. Bc5 Rd8 53. f7
Ke7 54. Rg8 1-0

[Event "TIRADENTESGAME"]
[Site "http://www.queenalice.com/game.php?id=956514"]
[Date "2011.7.3"]
[Round "-"]
[White "RAMIROCHE"]
[Black "Cristina2010"]
[Result "1-0"]
[WhiteElo "1534"]
[BlackElo "1553"]

1. e4 e5 2. Nf3 d6 3. d4 exd4 4. Bc4 f6 5. Nxd4 Bd7 6. Nc3 Nc6 7. Nxc6 Bxc6 8.
O-O Ne7 9. f4 Ng6 10. f5 Ne5 11. Bb3 Qe7 12. a4 b6 13. Nd5 Bxd5 14. Bxd5 c6 15.
Bb3 O-O-O 16. Qe2 Kb8 17. Be6 Nd7 18. Be3 Nc5 19. Bxc5 dxc5 20. Rad1 g6 21.
Rxd8+ Qxd8 22. Rd1 Qe7 23. Rd7 Qe8 24. Qa6 Qc8 25. Qxa7# 1-0

[Event "Challenge"]
[Site "http://www.queenalice.com/game.php?id=957359"]
[Date "2011.7.6"]
[Round "-"]
[White "Cristina2010"]
[Black "Aguinaldo"]
[Result "0-1"]
[WhiteElo "1561"]
[BlackElo "1911"]

1. c3 e5 2. d3 Nf6 3. Nf3 Nc6 4. Nbd2 Bd6 5. Nc4 Qe7 6. Bg5 h6 7. Nxd6+ Qxd6 8.
Bf4 Nh5 9. Bxe5 Nxe5 10. Nxe5 Qxe5 11. g4 Nf6 12. h3 d6 13. Bg2 Bd7 14. Bxb7 Rb8
0-1